000 00497nam a2200181Ia 4500
003 GCL
008 140319s9999 xx 000 0 ara d
040 _aGCL /
_cGCL
082 0 4 _a813.03
_bا م
100 1 _aابراهيم الكونى
245 1 0 _aالمجوس (رواية) الجزء الثانى /
_cابراهيم الكونى
300 _a417 ص
490 _a
650 0 4 _aالادب العربى
650 0 4 _aالقصص العربية
650 0 4 _aالادب
942 _2ddc
_cBK
999 _c46810
_d46810